Normal view
MARC view
- Playwriting
Entry Topical Term
001 - CONTROL NUMBER
- control field: 311
003 - CONTROL NUMBER IDENTIFIER
- control field: NUST
005 - DATE AND TIME OF LATEST TRANSACTION
- control field: 20170510162647.0
008 - FIXED-LENGTH DATA ELEMENTS
- fixed length control field: 170510|| aca||aabn | a|a d
040 ## - CATALOGING SOURCE
- Original cataloging agency: NUST
- Transcribing agency: NUST
150 ## - HEADING--TOPICAL TERM
- Topical term or geographic name entry element: Playwriting
670 ## - SOURCE DATA FOUND
- Source citation: Work cat.: (NUST)23589: Hughes,Doug 310, Henrik Ibsen's Hedda Gabbler, c 2001
